Copper-chrome-arsenate treatment of wood from two Hevea clones (Record no. 46999)

MARC details
000 -LEADER
fixed length control field 00551nam a2200181Ia 4500
100 ## - MAIN ENTRY--AUTHOR NAME
Personal name Gnanharan R
245 #0 - TITLE STATEMENT
Title Copper-chrome-arsenate treatment of wood from two Hevea clones
260 ## - PUBLICATION, DISTRIBUTION, ETC. (IMPRINT)
Name of publisher Indian Journal of Natural Rubber Research
Year of publication 1998
300 ## - PHYSICAL DESCRIPTION
Number of Pages 94-97
650 ## - SUBJECT ADDED ENTRY--TOPICAL TERM
Topical Term Copper-chrome-arsenate treatment
650 ## - SUBJECT ADDED ENTRY--TOPICAL TERM
Topical Term Copper-chrome-arsenate treatment
650 ## - SUBJECT ADDED ENTRY--TOPICAL TERM
Topical Term Rubberwood treatment
650 ## - SUBJECT ADDED ENTRY--TOPICAL TERM
Topical Term Rubberwood treatment
700 ## - ADDED ENTRY--PERSONAL NAME
Personal name Page Dave
700 ## - ADDED ENTRY--PERSONAL NAME
Personal name Pendlebury James
942 ## - ADDED ENTRY ELEMENTS (KOHA)
Koha item type Articles
Holdings
Withdrawn status Lost status Damaged status Not for loan Home library Current library Shelving location Date acquired Serial Enumeration / chronology Koha item type
      Articles RRII Library RRII Library Rubber general 20/12/2021 Volume 11, Issue 02-Jan Articles